Ben-Hur
Antigua Roma, bajo el reinado de los emperadores Augusto y Tiberio (s. I d.C.). Judá Ben-Hur (Charlton Heston), hijo de una familia noble de Jerusalén, y Mesala (Stephen Boyd), tribuno romano que dirige los ejércitos de ocupación, son dos antiguos amigos, pero un accidente involuntario los convierte...
Guardado en:
| Autor Principal: | |
|---|---|
| Autor Corporativo: | |
| Otros Autores: | , , , |
| Formato: | |
| Idioma: | Undetermined |
| Publicado: |
Estados Unidos :
Loew's Inc.,
1959.
|
| Series: | Disco 1
|
| Materias: | |
| Etiquetas: |
Agregar Etiqueta
Sin Etiquetas, Sea el primero en etiquetar este registro!
|
| LEADER | 01720ngm a22002655a 4500 | ||
|---|---|---|---|
| 001 | CEM.cems020685 | ||
| 008 | 231123s1959####xx#---############vlund#d | ||
| 005 | 20231123194212.0 | ||
| 245 | 1 | 0 | |a Ben-Hur |h [videograbación] / |c William Wyler. |
| 260 | |a Estados Unidos : |b Loew's Inc., |c 1959. | ||
| 300 | |a 141'. | ||
| 490 | 1 | |a Disco 1 | |
| 520 | |a Antigua Roma, bajo el reinado de los emperadores Augusto y Tiberio (s. I d.C.). Judá Ben-Hur (Charlton Heston), hijo de una familia noble de Jerusalén, y Mesala (Stephen Boyd), tribuno romano que dirige los ejércitos de ocupación, son dos antiguos amigos, pero un accidente involuntario los convierte en enemigos irreconciliables: Ben-Hur es acusado de atentar contra la vida del nuevo gobernador romano, y Mesala lo encarcela a él y a su familia. Mientras Ben-Hur es trasladado a galeras para cumplir su condena, un hombre llamado Jesús de Nazaret se apiada de él y le da de beber. En galeras conocerá al comandante de la nave (Jack Hawkins) y más tarde a un jeque árabe (Hugh Griffith) que participa con sus magníficos caballos en carreras de cuadrigas. | ||
| 590 | |a Identificación anterior: 302 | ||
| 538 | |a Soporte: DVD -- Formato: DVD Peso: 7.85gb -- Resolución: 720 x 480 -- 29.97fps | ||
| 500 | |a Título original: Ben-Hur Idioma: Inglés Subtítulos: Español, inglés, francés y portugués. | ||
| 100 | 1 | |a Wyler, William. | |
| 700 | 1 | |a Tunberg, Karl; Guion. | |
| 700 | 1 | |a Wallace, Lewis; Novela. | |
| 700 | 1 | |a Heston, Charlton; Reparto. | |
| 700 | 1 | |a Boyd, Stephen; Reparto. | |
| 710 | 2 | |a Metro-Goldwyn-Mayer. | |
| 653 | |a FICCIÓN | ||
| 653 | |a LARGOMETRAJE | ||
| 859 | |a CEMS |b BIB. CEMS - Depto. Recursos Didacticos |h 778.5 |i WYL |k DRD |p 3243.23 |t Ej.1 | ||
